000 00702nam a22002177a 4500
005 20141222142602.0
008 141217b2010 ck Il. |r|||| 00| 0 spa d
020 _a9789588370217
040 _cCO-BoIH
041 _aspa
044 _ack
090 _aEA
_b00204
110 1 _aColombia
_bCorporación Autónoma Regional de Risaralda-Carder
_930568
245 _aRiesgos, ni riesgo
260 _aPereira :
_bCorporación Autónoma Regional de Risaralda-Carder,
_c2010.
300 _a20 pag
_bIl.
_c23 cm.
650 4 _aDesastres naturales
_xPrevención
_930569
650 _aDesastres naturales
_xEnseñanza
_930570
650 _aDesastres Naturales
_xMedidas de Seguridad
_930571
942 _2z
_cLIBRO
999 _c8889
_d8889